| 000 | 00970nac a22002171u 4500 | ||
|---|---|---|---|
| 010 | _a 62019766 | ||
| 020 | _a007y857989 | ||
| 082 | 0 | 0 |
_a621.38171 _bW229 |
| 090 |
_c4192 _d4192 |
||
| 100 | _aWalston, Joseph A.,[ed | ||
| 110 | 2 | _aTexas Instruments Incorporated. | |
| 245 | 1 | 0 |
_aTransistor circuit design, _cprepared by the engineering staff of Texas Instruments Incorporated. Edited by Joseph A. Walston, transistor applications manager [and] John R. Miller, technical publications manager. [Contributors: R. P. Abraham and others] |
| 260 |
_aNew York, _bMcGraw-Hill _c[c1963] |
||
| 300 |
_a523 p. _billus. _c26 cm. |
||
| 504 | _aIncludes bibliography. | ||
| 650 | 0 | _aTransistor circuits. | |
| 700 | 1 | _aWalston, Joseph A., | |
| 700 | 1 |
_aMiller, John R., _ctechnical productions manager, |
|
| 942 |
_cBB _k621.38171W229 |
||
| 999 |
_c4192 _d4192 |
||